01114nam a22001937a 4500003000400000005001700004008004100021020001800062040001400080041000800094082001300102100002800115245002900143264007200172300003900244521060800283650001400891650001500905OSt20240528155347.0240528b ||||| |||| 00| 0 spa d a9789800123133 cCO-Mq BPB aspa aJNbANTd aAntillano, Lauraeautor aDiana en la tierra wayuu aCaracas - VenezuelabMonte Ávila Editores Latinoamericana c2022 a108 páginasbTapa rusticac22 cm aDiana ha comenzado un nuevo curso escolar. Inseparable de su gato Tadeo, adora las historias que le cuenta su abuelo Javier, sobre todo las hazañas de los piratas que asolaron a la ciudad de Maracaibo. Aunque la incrédula maestra —la Srta. Riñones— intentará persuadirla de que las historias del abuelo son solo fantasías infundadas, nuestra protagonista no descansará hasta demostrarle que Henry Morgan escondió un gran tesoro en esas tierras. En compañía de su amigo Juyá, Diana viajará a la tierra de los wayuu, en donde vivirá la más increíble de todas las aventuras. aNarrativa aLiteratura